| 000 | 00428ntaaa2200169 4500 | ||
|---|---|---|---|
| 003 | 01 | ||
| 005 | 20251027201923.0 | ||
| 008 | 0714s1973 ag 01 | ||
| 040 |
_aAR-BaBN _bspa _cAR-BaBN _eaacr _dRIC |
||
| 082 | _a244.2000 Sa3 | ||
| 100 |
_aSalomón, Silvia _916784 |
||
| 245 | _aVocación de Roberto | ||
| 250 |
_a1 ed. : _bJunta de Publicaciones, _cc1949 |
||
| 300 | _a108 p. | ||
| 650 |
_aJuvenil Ficción _917743 |
||
| 942 | _cBK | ||
| 999 |
_c13926 _d13926 |
||